Tự ôn tập vật lý 12
Sách đề cập đến dao động cơ học, sóng cơ, dao động điện từ, quang hình, quang lý, vật lý hạt nhân..
সংরক্ষণ করুন:
| প্রধান লেখক: | |
|---|---|
| বিন্যাস: | গ্রন্থ |
| ভাষা: | Undetermined |
| প্রকাশিত: |
Hà Nội
Đại Học Quốc Gia Hà Nội
1999
|
| বিষয়গুলি: | |
| ট্যাগগুলো: |
ট্যাগ যুক্ত করুন
কোনো ট্যাগ নেই, প্রথমজন হিসাবে ট্যাগ করুন!
|
| Thư viện lưu trữ: | Trung tâm Học liệu Trường Đại học Cần Thơ |
|---|
| LEADER | 00751nam a2200217Ia 4500 | ||
|---|---|---|---|
| 001 | CTU_37040 | ||
| 008 | 210402s9999 xx 000 0 und d | ||
| 020 | |c 10700 | ||
| 082 | |a 530 | ||
| 082 | |b Đ406/L.12 | ||
| 100 | |a Bùi, Bằng Đoan | ||
| 245 | 0 | |a Tự ôn tập vật lý 12 | |
| 245 | 0 | |c Bùi Bằng Đoan | |
| 260 | |a Hà Nội | ||
| 260 | |b Đại Học Quốc Gia Hà Nội | ||
| 260 | |c 1999 | ||
| 520 | |a Sách đề cập đến dao động cơ học, sóng cơ, dao động điện từ, quang hình, quang lý, vật lý hạt nhân.. | ||
| 650 | |a Physics | ||
| 650 | |x Study and teahing ( secondary ) | ||
| 904 | |i Minh | ||
| 980 | |a Trung tâm Học liệu Trường Đại học Cần Thơ | ||